Miracles of the Blessed Virgin Mary /

Bibliographic Details
Main Author: Herolt, Johann
Other Authors: Bland, C. C. Swinton (Charles Cooke Swinton), Power, Eileen, 1889-1940
Format: Book
Language:English
Published: New York : Harcourt, Brace & Co., 1928.
Series:Broadway medieval library.
Subjects:

MARC

Tag First Indicator Second Indicator Subfields
LEADER 00000cam a2200000Ia 4500
001 in00000053183
005 20151007080509.0
008 721207s1928 nyuaf b 001 0 eng d
035 |a (OCoLC)ocm00510032 
035 |a (OCoLC)00510032 
035 |9 AAF4913AM 
040 |a KSU  |c KSU  |d TXA  |d UtOrBLW 
041 1 |a eng  |h lat 
049 |a TXAM 
090 |a BT675  |b .H4 1928 
092 |a 232.931  |b H561m 
100 1 |a Herolt, Johann. 
245 1 0 |a Miracles of the Blessed Virgin Mary /  |c Johannes Herolt, called Discipulus (1435-1440) ; translated from the Latin, with a preface and notes by C. C. Swinton Bland and an introduction by Eileen Power. 
264 1 |a New York :  |b Harcourt, Brace & Co.,  |c 1928. 
300 |a xxxv, 148 pages, 8 unnumbered leaves of plates :  |b illustrations ;  |c 23 cm. 
336 |a text  |b txt  |2 rdacontent 
337 |a unmediated  |b n  |2 rdamedia 
338 |a volume  |b nc  |2 rdacarrier 
490 1 |a Broadway medieval library 
504 |a Includes bibliographical references and index. 
600 0 0 |a Mary,  |c Blessed Virgin, Saint  |v Legends. 
600 0 0 |a Mary,  |c Blessed Virgin, Saint  |x Apparitions and miracles. 
700 1 |a Bland, C. C. Swinton  |q (Charles Cooke Swinton) 
700 1 |a Power, Eileen,  |d 1889-1940. 
830 0 |a Broadway medieval library. 
949 |a updated  |b h  |c 2003/6/18  |e fpiscitelli  |f 5:18:06 pm 
994 |a E0  |b TXA 
999 |a MARS 
999 f f |s 66db1e26-9bed-3f89-865c-96d75463a0e6  |i bc8320a0-32f0-3f01-92ff-d4e93a99604f  |t 0 
952 f f |p ric  |a Texas A&M University  |b Rellis Campus  |c Joint Library Facility  |d Remote Storage  |t 0  |e BT675 .H4 1928  |h Library of Congress classification  |i unmediated -- volume  |m A14800608512 
998 f f |a BT675 .H4 1928  |t 0  |l Remote Storage